000
00325nam a2200133Ia 4500
008
150201s2010 xx 000 0 und d
082
_a
612.015
_b
B010R
100
_a
RAJGOPAL,G
245
_a
CONCISE TB OF BIOCHEMISTRY
250
_a
2ND
260
_b
AHUJA P. HOUSE
_a
DELHI
_c
2010
650
_a
BIOCHEMISTRY
942
_2
ddc
_c
BK
_0
7
999
_c
706
_d
706